| 000 | 01028cad a22002295a 4500 | ||
|---|---|---|---|
| 001 | E149498 | ||
| 008 | 100310s2009 xxko f 000 0 eng d | ||
| 020 | _a9781848060999 | ||
| 035 | _a(Sirsi) u149498 | ||
| 041 | 0 | _aeng | |
| 100 | 1 | _aGriggs, John | |
| 245 | 0 | 0 |
_aWater efficiency in new homes _ban introductory guide for housebuilders _h[electronic resource] |
| 260 |
_aAmersham _bNHBC Foundation _c2009 |
||
| 490 | 0 |
_aNF _v20 |
|
| 520 | _aLooks at current recommendations on water efficiency from the Code for Sustainable Homes and the Building Regulations. Discusses technologies which can improve water efficiency. | ||
| 521 | 2 | _aAdvanced | |
| 651 | 4 |
_aUnited Kingdom _y |
|
| 690 | _aBUILT ENVIRONMENT-BUILDING ELEMENTS-COMPLETE BUILDING SERVICES ELEMENTS-COMPLETE WATER SUPPLY SYSTEMS | ||
| 700 | 1 | _aBurns, Judy | |
| 856 | 4 | 0 |
_uhttps://www.nhbcfoundation.org/LinkClick.aspx?fileticket=pXywrBFI7qE%3d&tabid=339&mid=774&language=en-GB _zView the report free of charge (PDF file) at www.nhbcfoundation.org |
| 942 | _n0 | ||
| 999 |
_c110514 _d110514 |
||